| 000 | 00724nam a2200181Ia 4500 | ||
|---|---|---|---|
| 008 | 100920s9999 xx 000 0 und d | ||
| 082 |
_b55450 _a51 थ 90 |
||
| 100 | _aसंपादन-भोकरे मुरलीधर रामचंद्र. | ||
| 245 | _aबलिवेदीवरी क्रांतीफुले. | ||
| 260 |
_bशब्दसन्मान प्रकाशन, पुणे. _c1990 |
||
| 300 |
_a176 _bसाधी |
||
| 365 | _b50 | ||
| 520 | _aचरित्र. | ||
| 630 | _aबलिवेदीवरी क्रांतीफुले. | ||
| 650 | _aचरित्र. | ||
| 730 | _aबलिवेदीवरी क्रांतीफुले. | ||
| 942 | _cBOOK | ||
| 999 |
_c699856 _d699853 |
||